LIBRARY & INFORMATION CENTRE, KCAET, TAVANUR

ONLINE PUBLIC ACCESS CATALOGUE (OPAC)

Chemical Trade Names and Commercial Synonyms : A Dictionery of American Usage/ / (Record no. 9195)

MARC details
000 -LEADER
fixed length control field 00344cam a2200121ua 4500
082 ## - DEWEY DECIMAL CLASSIFICATION NUMBER
Classification number 660.3
Item number HAY/CH
100 ## - MAIN ENTRY--AUTHOR NAME
Personal name Haynes, Williams .
245 ## - TITLE STATEMENT
Title Chemical Trade Names and Commercial Synonyms : A Dictionery of American Usage/ /
250 ## - EDITION STATEMENT
Edition statement 2 /
260 ## - PUBLICATION, DISTRIBUTION, ETC. (IMPRINT)
Place of publication Toronto :
Name of publisher D Van nostrand co ,
Year of publication 1955.
300 ## - PHYSICAL DESCRIPTION
Number of Pages 466 ; .
942 ## - ADDED ENTRY ELEMENTS (KOHA)
Koha item type Reference
Holdings
Withdrawn status Lost status Damaged status Collection code Home library Current library Shelving location Date acquired Full call number Accession Number Koha item type
      Reference KAUAET KAUAET Reference 07/04/2012 660.3.HAY/CH 3085 Reference
free website counter